000 00443nam a2200181Ia 4500
008 180424s9999 xx 000 0 und d
020 _a135490553
084 _a658 H24
100 _a"Harrison, Jared F"
245 0 _aManagement By Obstruction
250 _a\\197400ENGGPSX
260 _aPrentice Hall
260 _b1974
260 _cEnglewood Cliffs
300 _ax+240p
500 _aincludes index and biblioraphy
942 _cBK
999 _c27414
_d27414